000 00289nam a22001337a 4500
008 210430b ||||| |||| 00| 0 eng d
041 _aeng
080 _a37
082 _a37
100 _a46
101 _aEDU
245 _aThe Process of Creative Writing
_cHogrefe,P
942 _2udc
_cBK
999 _c57060
_d57060